Die Landschaftsmalerin Sophie Wencke : von der Bremerhavener Wencke-Werft nach Worpswede ; [Sonderausstellung 28.6. - 12.20.2008]
Saved in:
| Other Authors: | |
|---|---|
| Document Type: | Book |
| Language: | German |
| Published: |
Bremerhaven
: Wirtschaftsverl. NW, Verl. für Neue Wiss.
, 2008
|
| Edition: | 1. Aufl. |
| Series: | Kleine Schriften / Historisches Museum Bremerhaven
8 |
| Subjects: | |
| Online Access: | Inhaltsverzeichnis |
| Related Items: | Rezensiert in:
[Rezension von: Anja Benscheidt, Alfred Kube, Die Landschaftsmalerin Sophie Wencke] Rezensiert in: [Rezension] Rezensiert in: [Rezension] |
| Author Notes: | Anja Benscheidt; Alfred Kube |
| LEADER | 04368cam a2200841 c 4500 | ||
|---|---|---|---|
| 001 | 571008631 | ||
| 003 | DE-627 | ||
| 005 | 20260615231143.0 | ||
| 007 | tu | ||
| 008 | 080701s2008 gw ||||| c 00| ||ger c | ||
| 010 | |a 2009461156 | ||
| 015 | |a 08,N33,0825 |2 dnb | ||
| 016 | 7 | |a 989755789 |2 DE-101 | |
| 020 | |a 9783865098320 |q Gb. : EUR 24.80 |9 978-3-86509-832-0 | ||
| 024 | 3 | |a 9783865098320 | |
| 035 | |a (DE-627)571008631 | ||
| 035 | |a (DE-576)286117711 | ||
| 035 | |a (DE-599)GBV571008631 | ||
| 035 | |a (OCoLC)1532726717 | ||
| 035 | |a (OCoLC)254479993 | ||
| 035 | |a (DE-478)952407997 | ||
| 040 | |a DE-627 |b ger |c DE-627 |e rakwb | ||
| 041 | |a ger | ||
| 044 | |c XA-DE |c XA-DE-HB | ||
| 050 | 0 | |a ND588.W418 | |
| 082 | 0 | |a 750 |q BSZ | |
| 082 | 0 | 4 | |a 750 |
| 084 | |a 9,10 |2 ssgn | ||
| 084 | |a LC 94035 |q BVB |2 rvk |0 (DE-625)rvk/90705:787 | ||
| 084 | |a 20.31 |2 bkl | ||
| 084 | |a 21.02 |2 bkl | ||
| 245 | 0 | 4 | |a Die Landschaftsmalerin Sophie Wencke |b von der Bremerhavener Wencke-Werft nach Worpswede ; [Sonderausstellung 28.6. - 12.20.2008] |c Anja Benscheidt; Alfred Kube |
| 250 | |a 1. Aufl. | ||
| 264 | 1 | |a Bremerhaven |b Wirtschaftsverl. NW, Verl. für Neue Wiss. |c 2008 | |
| 300 | |a 224 S. |b zahlr. Ill., graph. Darst., Kt. |c 245 mm x 215 mm, 1030 gr. | ||
| 336 | |a Text |b txt |2 rdacontent | ||
| 336 | |a unbewegtes Bild |b sti |2 rdacontent | ||
| 337 | |a ohne Hilfsmittel zu benutzen |b n |2 rdamedia | ||
| 338 | |a Band |b nc |2 rdacarrier | ||
| 490 | 1 | |a Kleine Schriften / Historisches Museum Bremerhaven |v 8 | |
| 500 | |a Ausstellungsdaten aus dem Internet | ||
| 500 | |a Literaturverz. S. 210 - 219 | ||
| 583 | 1 | |a Archivierung prüfen |c 20200919 |f DE-640 |z 1 |2 pdager | |
| 583 | 1 | |a Archivierung/Langzeitarchivierung gewährleistet |f SSG |x XA-DE-BW |2 pdager |5 DE-16 | |
| 583 | 1 | |a Archivierung prüfen |c 20240324 |f DE-4165 |z 3 |2 pdager | |
| 583 | 1 | |a Archivierung/Langzeitarchivierung gewährleistet |f REG |x XA-DE-NI |z Niedersachsen |2 pdager |5 DE-35 | |
| 600 | 1 | 0 | |a Wencke, Sophie |d 1874-1963 |v Exhibitions |
| 650 | 0 | |a Landscape painting, German |z Germany |z Lower Saxony |v Exhibitions | |
| 655 | 7 | |a Ausstellungskatalog |0 (DE-588)4135467-9 |0 (DE-627)10566491X |0 (DE-576)209660988 |2 gnd-content | |
| 655 | 7 | |a Bildband |0 (DE-588)4145395-5 |0 (DE-627)104450835 |0 (DE-576)209741139 |2 gnd-content | |
| 655 | 7 | |a Biografie |0 (DE-588)4006804-3 |0 (DE-627)104213493 |0 (DE-576)208867147 |2 gnd-content | |
| 689 | 0 | 0 | |d p |0 (DE-588)13606387X |0 (DE-627)577136429 |0 (DE-576)30080945X |a Wencke, Sophie |d 1874-1963 |2 gnd |
| 689 | 0 | 1 | |d s |0 (DE-588)4114355-3 |0 (DE-627)105822795 |0 (DE-576)20948392X |a Landschaftsmalerei |2 gnd |
| 689 | 0 | |5 DE-101 | |
| 700 | 1 | |a Benscheidt, Anja |0 (DE-588)122605519 |0 (DE-627)082043914 |0 (DE-576)163689911 |4 oth | |
| 700 | 1 | |a Kube, Alfred |d 1954- |0 (DE-588)11079785X |0 (DE-627)52140505X |0 (DE-576)289683742 |4 oth | |
| 700 | 1 | |a Wencke, Sophie |d 1874-1963 |e Ill. |0 (DE-588)13606387X |0 (DE-627)577136429 |0 (DE-576)30080945X |4 ill | |
| 710 | 2 | |a Historisches Museum Bremerhaven |0 (DE-588)16054638-2 |0 (DE-627)617489165 |0 (DE-576)31801842X |4 oth | |
| 710 | 2 | |a Morgenstern-Museum Bremerhaven |0 (DE-588)2128758-2 |0 (DE-627)124356400 |0 (DE-576)194411966 |4 oth | |
| 787 | 0 | 8 | |i Rezensiert in |a Tavernier, Ludwig, 1955 - |t [Rezension von: Anja Benscheidt, Alfred Kube, Die Landschaftsmalerin Sophie Wencke] |d Regensburg : Schnell und Steiner, 2009 |w (DE-627)1551875942 |w (DE-576)481875948 |
| 787 | 0 | 8 | |i Rezensiert in |t [Rezension] |d 2009 |w (DE-627)1752566394 |
| 787 | 0 | 8 | |i Rezensiert in |t [Rezension] |d 2009 |w (DE-627)1752567730 |
| 810 | 2 | |a Historisches Museum Bremerhaven |t Kleine Schriften |v 8 |9 8 |w (DE-627)508856582 |w (DE-576)376075287 |w (DE-600)2226445-0 |7 am | |
| 856 | 4 | 2 | |u http://www.gbv.de/dms/weimar/toc/571008631_toc.pdf |m V:DE-601 |m B:DE-Wim2 |q pdf/application |x Verlag |y Inhaltsverzeichnis |3 Inhaltsverzeichnis |7 1 |
| 935 | |i Blocktest | ||
| 936 | r | v | |a LC 94035 |b Bremen |k Sozial- und Kulturanthropologie. Empirische Kulturwissenschaft |k Kunst und Wissen |k Theater-, Musik- und Kunstethnologie |k Kunst |k Grafik, Malerei |k Europa |k Mitteleuropa |k Deutschland |k Norddeutschland |k Bremen |0 (DE-627)1274758157 |0 (DE-625)rvk/90705:787 |0 (DE-576)204758157 |
| 936 | b | k | |a 20.31 |j Bildende Künstler |0 (DE-627)181571080 |
| 936 | b | k | |a 21.02 |j Geschichte der Malerei |0 (DE-627)106406698 |
| 951 | |a BO | ||
| 990 | |a Wencke, Sophie | ||
| 990 | |a Landschaftsmalerei | ||
| 991 | |a Rezensiertes Werk | ||
| 999 | |a KXP-PPN571008631 |e 4157555511 | ||


